[Event "23rd Czech Open A"]
[Site "Pardubice CZE"]
[Date "2012.07.22"]
[Round "3.1"]
[White "Nisipeanu,LD"]
[Black "Volodin,Alek"]
[Result "1-0"]
[WhiteElo "2648"]
[BlackElo "2498"]

1.Nf3 d5 2.c4 c6 3.e3 Nf6 4.d4 e6 5.Bd3 Nbd7 6.b3 Bd6 7.Bb2 Qe7 8.Ne5 Bb4+
9.Nd2 Nxe5 10.dxe5 Nd7 11.a3 Ba5 12.O-O O-O 13.Qc2 Bxd2 14.Qxd2 Nc5 15.Bc2 dxc4
16.bxc4 Rd8 17.Qe2 b5 18.Bd4 Ba6 19.Qe1 Nb7 20.c5 b4 21.axb4 Bxf1 22.Kxf1 Rdb8
23.Ra6 Nd8 24.Bd3 Rb7 25.f4 Rab8 26.Bc3 Qd7 27.Bc4 Qe7 28.h3 Rd7 29.Kg1 h6
30.Kh2 Kh8 31.Be2 Kg8 32.Bf3 Rc8 33.Be4 Rcc7 34.Qe2 Rc8 35.Bb1 Rb8 36.Qc2 g6
37.Qe2 Rdb7 38.Qe1 Rd7 39.Ba2 Kh7 40.Bc4 Rdb7 41.Bd3 Rd7 42.Be4 Rc8 43.g4 Rb7
44.h4 Kg8 45.Kh3 Kf8 46.Qh1 Rbc7 47.Qf3 Ke8 48.Ra1 Rd7 49.f5 gxf5 50.gxf5 exf5
51.Bxf5 Ne6 52.Rg1 Rd5 53.b5 Rxc5 54.Bb4 cxb5 55.Bxc5 Rxc5 56.Rg8+  1-0

[Event "ch-AUT 2012"]
[Site "Zwettl AUT"]
[Date "2012.07.22"]
[Round "2.12"]
[White "Lenz,A"]
[Black "Schneider Zinner,H"]
[Result "1-0"]
[WhiteElo "2197"]
[BlackElo "2377"]

1.Nf3 d5 2.c4 e6 3.g3 Nf6 4.Bg2 Be7 5.O-O O-O 6.b3 b6 7.Bb2 Bb7 8.e3 Nbd7
9.Nc3 Ne4 10.cxd5 exd5 11.Rc1 Re8 12.Qc2 c5 13.d4 Rc8 14.Rfd1 cxd4 15.Nxd4 Bb4
16.Nde2 Ndf6 17.Qd3 Nxf2 18.Kxf2 Ng4+ 19.Kg1 Nxe3 20.Nd4 Nxd1 21.Rxd1 Qg5
22.Bc1 Qf6 23.Nce2 Re7 24.Rf1 Qg6 25.Nf5 Ree8 26.Bb2 Bf8 27.Nf4 Qc6 28.Bxd5 Qc5+
29.Bd4 Qc7 30.Qf3 Bxd5 31.Nxd5 Qd8 32.Nh6+ gxh6 33.Qxf7+  1-0

[Event "30th Andorra Open"]
[Site "Andorra la Vella AND"]
[Date "2012.07.23"]
[Round "3.20"]
[White "Panelo,M"]
[Black "Hoffmeister,F GER"]
[Result "1-0"]
[WhiteElo "2452"]
[BlackElo "2185"]

1.Nf3 d5 2.c4 c6 3.e3 Nf6 4.Qc2 e6 5.d4 Nbd7 6.Nc3 Bd6 7.Be2 O-O 8.O-O dxc4
9.Bxc4 e5 10.h3 exd4 11.exd4 Nb6 12.Bb3 Nbd5 13.Bg5 Be6 14.Nxd5 cxd5 15.Rac1 h6
16.Bh4 Bf4 17.Rce1 Rc8 18.Qd3 Re8 19.Ba4 Rf8 20.Bb3 Re8 21.Ne5 g5 22.Bg3 Bxg3
23.fxg3 Ne4 24.Qf3 Qb6 25.Rd1 Rc7 26.Kh2 Kg7 27.Qh5 Rh8 28.Rd3 Nf6 29.Qf3 Ne4
30.Qh5 Nf6 31.Qf3 Ne4 32.Ng4 f6 33.Ne3 Qb5 34.Rdd1 Qd7 35.Bc2 f5 36.Bxe4 dxe4
37.Qf2 Qd8 38.d5 Bd7 39.Qd2 Kg6 40.Qd4 Rf8 41.g4 f4 42.Qxe4+ Kg7 43.d6 Rc6
44.Qd4+ Kg6 45.Nd5 Rf7 46.Ne7+ Rxe7 47.dxe7  1-0

[Event "Corporation Centre Cup A"]
[Site "Izhevsk RUS"]
[Date "2012.07.23"]
[Round "8"]
[White "Bukavshin,I"]
[Black "Kovalenko,I"]
[Result "0-1"]
[WhiteElo "2487"]
[BlackElo "2556"]

1.Nf3 d5 2.c4 e6 3.d4 Nf6 4.Nc3 c6 5.Bg5 Nbd7 6.e3 h6 7.Bh4 Be7 8.Bd3 O-O
9.O-O b6 10.Qe2 Bb7 11.Rfd1 a6 12.Rac1 Re8 13.Ne5 c5 14.Nxd7 Nxd7 15.Bxe7 Qxe7
16.dxc5 dxc4 17.Be4 Nxc5 18.Bxb7 Qxb7 19.Qxc4 Rac8 20.Qd4 Re7 21.Ne4 Nxe4
22.Rxc8+ Qxc8 23.Qxe4 Rd7  0-1

[Event "Open ch-BUL w 2012"]
[Site "Vratsa BUL"]
[Date "2012.07.23"]
[Round "1.1"]
[White "Schleining,Z"]
[Black "Ivanova,Si"]
[Result "1/2-1/2"]
[WhiteElo "2365"]
[BlackElo "1956"]

1.Nf3 d5 2.c4 d4 3.g3 Nc6 4.Bg2 e5 5.O-O Nf6 6.d3 a5 7.Na3 Be7 8.Nc2 O-O
9.a3 Re8 10.Rb1 a4 11.Bg5 h6 12.Bxf6 Bxf6 13.Nb4 Nxb4 14.axb4 Qe7 15.c5 Be6
16.Nd2 Ra7 17.Qc2 b5 18.Ra1 Bg5 19.Ne4 Bb3 20.Qxb3 axb3 21.Rxa7 Qd8 22.Rfa1 f5
23.Nxg5 Qxg5 24.Rxc7 e4 25.f4 Qg4 26.Bf1 h5 27.dxe4 fxe4 28.Raa7 h4 29.Bh3 Qxh3
30.Rxg7+ Kh8 31.Rh7+ Kg8  1/2-1/2

[Event "ch-AUT 2012"]
[Site "Zwettl AUT"]
[Date "2012.07.23"]
[Round "3.10"]
[White "Pilaj,H"]
[Black "Schweitzer,W"]
[Result "1-0"]
[WhiteElo "2338"]
[BlackElo "2045"]

1.Nf3 d5 2.c4 c6 3.e3 Nf6 4.Nc3 e6 5.b3 Bd6 6.Bb2 Nbd7 7.Qc2 O-O 8.Be2 Qe7
9.O-O a6 10.d4 e5 11.dxe5 Nxe5 12.cxd5 cxd5 13.Rad1 Qc7 14.h3 Be6 15.Rc1 Rac8
16.Qb1 Qd7 17.Na4 Nxf3+ 18.Bxf3 Bxh3 19.Nb6 Rxc1 20.Nxd7 Rxb1 21.Nxf6+ gxf6
22.Rxb1 Bf5 23.Rc1 Rc8 24.Rxc8+ Bxc8 25.Bxf6 Be6 26.Kf1 Kf8 27.Ke2 Ke8 28.Kd3 Bc5
29.Kc3 a5 30.Be2 Kd7 31.Bd3 Bb4+ 32.Kc2 h6 33.Bc3 Kd6 34.Kb2 Bxc3+ 35.Kxc3 Kc5
36.a3 b6 37.b4+ axb4+ 38.axb4+ Kd6 39.Kd4 f6 40.Bc2 Bd7 41.Bg6 Be6 42.Be8 Bg8
43.Ba4 Be6 44.Bb3 Bf7 45.e4 Be6 46.Bxd5 Bd7 47.Bf7 Bc6 48.g3 Ba4 49.Bh5 Bb3
50.Bg6 Be6 51.Bf5 Bb3 52.Bg4 Bf7 53.f4 Bb3 54.Bf3 Bf7 55.Be2 Be6 56.Bb5 Bf7
57.Bc4 Be8 58.Bd3 Bf7 59.Bc4 Be8 60.Ke3 Bh5 61.Bb5 Bf7 62.Kf3 Bh5+ 63.Kf2 Bg6
64.Bd3 Bh5 65.Be2 Bg6 66.Kf3 Bh5+ 67.Ke3 Bf7 68.Kd4 Be6 69.Bh5 Bb3 70.Bg6 Be6
71.Bf5 Bb3 72.e5+ fxe5+ 73.fxe5+ Ke7 74.Ke4 Bf7 75.Kf4 Bh5 76.Bh3 Bg6 77.Bc8 Bh5
78.Kf5 Kd8 79.Ba6 Ke7 80.e6 Be8 81.Bc8 Bh5 82.g4  1-0

[Event "ch-PHI Grand Final 2012"]
[Site "Boracay PHI"]
[Date "2012.07.24"]
[Round "14.2"]
[White "Sadorra,J"]
[Black "Mejia,Giovanni"]
[Result "1-0"]
[WhiteElo "2525"]
[BlackElo "1932"]

1.Nf3 d5 2.c4 dxc4 3.e3 Nf6 4.Bxc4 e6 5.O-O c5 6.Qe2 a6 7.Rd1 Be7 8.d4 cxd4
9.exd4 O-O 10.Nc3 b5 11.Bb3 Bb7 12.Bg5 b4 13.Bxf6 Bxf6 14.Ne4 Be7 15.Rac1 Bd5
16.Bxd5 Qxd5 17.Rc7 Bd8 18.Rc4 a5 19.b3 Nd7 20.Ne5 Nf6 21.Nxf6+ Bxf6 22.Rc7 Rad8
23.Rc5 Qa8 24.Nc6 Rd5 25.Qb5 Rc8 26.Rdc1 Kh8 27.Rxd5 exd5 28.Qxd5 h6 29.Rc4 Bxd4
30.Ne7 Bxf2+ 31.Kf1 Qa6 32.Nxc8 Qf6 33.Qf3 Qa1+ 34.Kxf2 Qb2+ 35.Qe2 Qf6+
36.Kg1  1-0

[Event "23rd Czech Open A"]
[Site "Pardubice CZE"]
[Date "2012.07.24"]
[Round "5.27"]
[White "Cvek,R"]
[Black "Coleman,T"]
[Result "1/2-1/2"]
[WhiteElo "2549"]
[BlackElo "2379"]

1.Nf3 d5 2.c4 c6 3.e3 Nf6 4.Nc3 e6 5.b3 Nbd7 6.Qc2 Bd6 7.Bb2 O-O 8.Be2 Re8
9.O-O a6 10.d4 dxc4 11.Bxc4 b5 12.Bd3 h6 13.Ne4 Nxe4 14.Bxe4 Bb7 15.Rac1 Rc8
16.Rfd1 Qc7 17.a3 f5 18.Bd3 c5 19.dxc5 Nxc5 20.b4 Na4 21.Qxc7 Bxc7 22.Ba1 Bxf3
23.gxf3 Red8 24.Kf1 Bb8 25.Ke2 Kf7 26.f4 Nb6 27.h4 h5 28.Bd4 Nd5 29.Bc5 Bd6
30.Bxd6 Rxc1 31.Rxc1 Rxd6 32.Rc8 Ke7 33.Bc2 Rd8 34.Rc6 Rd6 35.Rc8 Rd8 36.Rxd8 Kxd8
37.Bb3 Kd7 38.Kd3 Nb6 39.e4 fxe4+ 40.Kxe4 Kd6 41.Kd4 Nc8 42.f5 exf5 43.Bf7 Nb6
44.Bxh5 Nc4 45.a4 Ne5 46.axb5 axb5 47.Be2 Nc6+ 48.Kc3 Na7 49.f4 g6 50.Bf1 Kd5
51.Bg2+ Kd6 52.Kd4 Nc8 53.Bd5 Ne7 54.Bb7 Kc7 55.Ba6 Kb6 56.Bxb5 Kxb5 57.Ke5 Kc4
58.Kf6 Nd5+ 59.Kxg6 Nxf4+ 60.Kxf5 Nh5 61.Kg5 Ng3 62.Kg4 Ne4 63.Kf4 Nf6 64.Kg5 Ne4+  1/2-1/2

[Event "3rd Terre degli Elimi"]
[Site "Erice ITA"]
[Date "2012.07.25"]
[Round "1"]
[White "Amato,A"]
[Black "Piazza,Dario"]
[Result "1-0"]
[WhiteElo "2263"]
[BlackElo "1832"]

1.Nf3 d5 2.c4 c6 3.e3 Nf6 4.Nc3 e6 5.b3 Bd6 6.Bb2 Nbd7 7.Qc2 Qe7 8.Be2 O-O
9.g4 Nxg4 10.Rg1 f5 11.h3 Ngf6 12.Nd4 a6 13.cxd5 cxd5 14.O-O-O Ba3 15.f4 Bxb2+
16.Qxb2 b5 17.Rg2 Rf7 18.Rdg1 Bb7 19.Kb1 Rc8 20.h4 Rc7 21.h5 Nc5 22.h6 g6
23.Nf3 b4 24.Nd1 d4 25.exd4 Bxf3 26.dxc5 Bxg2 27.Rxg2 Qxc5 28.Bc4 Qc6 29.Re2 Nd5
30.Qe5 Rce7 31.Nf2 Qc7 32.Nd3 Qxe5 33.Rxe5 a5 34.Kb2 Kf8 35.a3 bxa3+ 36.Kxa3 Ke8
37.Re1 Nc7 38.Ne5 Rf6 39.Rc1 Kd8 40.Ka4 Nd5 41.Nc6+ Kd7 42.Bxd5 exd5 43.Nxe7 Kxe7
44.Rc7+ Kf8 45.Rxh7 Kg8 46.Rg7+ Kh8 47.Kxa5 Re6 48.b4 Re4 49.Rxg6 Kh7 50.Rf6 Rxf4
51.Kb5 Rd4 52.Rxf5 Rxd2 53.Kc5 d4 54.Rd5 d3 55.Kc4 Kxh6 56.Rxd3 Rb2 57.b5 Kg6
58.Rf3 Rc2+ 59.Kd5 Rc8 60.b6 Rc2 61.b7 Rb2 62.Kc6 Rc2+ 63.Kd7 Rb2 64.Kc8 Rc2+
65.Kb8 Rc4 66.Ra3  1-0

[Event "Caissa GM July 2012"]
[Site "Kecskemet HUN"]
[Date "2012.07.25"]
[Round "5.5"]
[White "Idani,P"]
[Black "Borosova,Z"]
[Result "1-0"]
[WhiteElo "2473"]
[BlackElo "2291"]

1.Nf3 d5 2.c4 c6 3.e3 Nf6 4.b3 Nbd7 5.Bb2 e6 6.d4 Be7 7.Bd3 b6 8.O-O Bb7
9.Nbd2 O-O 10.Qe2 c5 11.Rfd1 Ne4 12.cxd5 exd5 13.dxc5 Nexc5 14.Bb5 a6 15.Bxd7 Qxd7
16.Ne5 Qe6 17.Nd3 Bd6 18.Nf3 a5 19.Qd2 Ne4 20.Qe1 f6 21.Nd4 Qg4 22.f3 Qh5
23.Nf4 Bxf4 24.exf4 Nc5 25.Ba3 Qe8 26.Qd2 Qd7 27.f5 Rfe8 28.Bxc5 bxc5 29.Ne6 Qd6
30.Rac1 Rec8 31.Qf2 d4 32.Qg3 Qe7 33.Re1 d3 34.Rcd1 Ba6 35.Re4 Kh8 36.Nc7 Qxc7
37.Re8+ Rxe8 38.Qxc7 Rad8 39.Qxa5  1-0

[Event "99th ch-GBR 2012"]
[Site "North Shields ENG"]
[Date "2012.07.25"]
[Round "3.3"]
[White "Howell,D"]
[Black "Hawkins,Jo"]
[Result "1-0"]
[WhiteElo "2620"]
[BlackElo "2499"]

1.Nf3 d5 2.c4 e6 3.g3 Nf6 4.Bg2 dxc4 5.Qa4+ c6 6.Qxc4 b5 7.Qb3 Bb7 8.O-O Nbd7
9.d4 a6 10.Ne5 Nxe5 11.dxe5 Nd7 12.Bf4 Be7 13.Nc3 Qc7 14.Ne4 O-O 15.Rfd1 Rfd8
16.Nd6 g5 17.Qf3 gxf4 18.Qg4+ Kf8 19.Qxf4 Nxe5 20.Nxb7 Rxd1+ 21.Rxd1 f6 22.Qh6+ Kg8
23.Be4 Qxb7 24.Bxh7+ Kf7 25.f4 Qb6+ 26.Kh1 Rd8 27.Qh5+ Kf8 28.Rxd8+ Qxd8
29.fxe5 Qd5+ 30.Qf3 Qxf3+ 31.exf3 f5 32.Bg6 c5 33.f4 Kg7 34.Bh5 c4 35.Be2 Bc5
36.b3 c3 37.Bd3 Kf7 38.Kg2 Ke7 39.Kf3 Kd7 40.Ke2 Kc6 41.a4 Bf8 42.Kd1 Bc5
43.Ke2 Bf8 44.Bc2 Kd5 45.Kd3 b4 46.Bd1 a5 47.Bf3+ Kc5 48.Bb7 Be7 49.h4 Bf8
50.h5 Bh6 51.Bc8 Kd5 52.Bd7 Bg7 53.Bb5 c2 54.Bc4+ Kc6 55.Kxc2  1-0

[Event "23rd Czech Open A"]
[Site "Pardubice CZE"]
[Date "2012.07.25"]
[Round "6.46"]
[White "Maeurer,C"]
[Black "Graf,F"]
[Result "1/2-1/2"]
[WhiteElo "2266"]
[BlackElo "2394"]

1.Nf3 d5 2.c4 c6 3.e3 Nf6 4.Nc3 Bg4 5.Qb3 Qb6 6.Ne5 Be6 7.d4 Nbd7 8.Nxd7 Bxd7
9.Na4 Qxb3 10.axb3 O-O-O 11.f3 e6 12.c5 b5  1/2-1/2

[Event "23rd Czech Open A"]
[Site "Pardubice CZE"]
[Date "2012.07.26"]
[Round "7.36"]
[White "Harika,D"]
[Black "Tokmachev,M"]
[Result "1/2-1/2"]
[WhiteElo "2499"]
[BlackElo "2332"]

1.Nf3 d5 2.c4 c6 3.e3 Nf6 4.Nc3 e6 5.b3 Bd6 6.Bb2 Nbd7 7.Qc2 O-O 8.Rg1 e5
9.cxd5 Nxd5 10.Ne4 Bb8 11.g4 Qe7 12.a3 N7f6 13.Ng3 Bxg4 14.Nf5 Bxf5 15.Qxf5 Re8
16.Bc4 b5 17.Bxd5 cxd5 18.a4 b4 19.Rc1 Qe6 20.Qxe6 Rxe6 21.Rc8+ Re8 22.Rxe8+ Nxe8
23.Nxe5 f6 24.Nf3 Bd6 25.Ke2 Rc8 26.h3 Kf7 27.Kd3 a6 28.Bd4 h5 29.Bb6 g5
30.Nd4 Ng7 31.Re1 Ne6 32.Nxe6 Kxe6 33.e4 f5 34.exf5+ Kxf5 35.Kd4 Rc2 36.Kxd5 Rxd2+
37.Kc6 Rd3 38.a5 h4 39.Rb1 g4 40.hxg4+ Kxg4 41.Rg1+ Kf4 42.Rh1 h3 43.f3 h2
44.Bc7 Bxc7 45.Kxc7 Rxb3 46.Rxh2 Rxf3 47.Kb6 Ke4 48.Kxa6 Kd4 49.Kb5 Kc3 50.a6 b3
51.a7 Rf8 52.Rh3+ Kc2 53.Rh2+  1/2-1/2

[Event "PAB Romania Open 2012"]
[Site "Arad ROU"]
[Date "2012.07.27"]
[Round "1.2"]
[White "Balog,I1"]
[Black "Bogdan,H"]
[Result "1-0"]
[WhiteElo "2542"]
[BlackElo "1917"]

1.Nf3 d5 2.c4 c6 3.d4 Nf6 4.Qc2 a6 5.Bg5 Ne4 6.Bf4 e6 7.Nbd2 Nxd2 8.Bxd2 b5
9.b3 Nd7 10.e4 Bb7 11.exd5 exd5 12.Bd3 dxc4 13.bxc4 bxc4 14.Bxc4 Be7 15.Qb3 Bc8
16.Bxf7+ Kf8 17.Bh5 g6 18.Bh6+ Ke8 19.Bg4 Qb6 20.Bxd7+  1-0

[Event "12th Valle del Chiese Open"]
[Site "Condino ITA"]
[Date "2012.07.27"]
[Round "6"]
[White "Menon,Michele"]
[Black "Agostinetto,Alessandro"]
[Result "1/2-1/2"]
[WhiteElo "1747"]
[BlackElo "1656"]

1.Nf3 d5 2.c4 c6 3.b3 Nf6 4.Bb2 Bg4 5.e3 e6 6.Be2 Nbd7 7.O-O g6 8.h3 Bxf3
9.Bxf3 Bg7 10.cxd5 cxd5 11.d3 O-O 12.Nd2 Rc8 13.Rc1 Qa5 14.a3 Rc7 15.b4 Qb6
16.Qb3 Rfc8 17.Rxc7 Rxc7 18.e4 dxe4 19.dxe4 Ne8 20.Bxg7 Nxg7 21.Nc4 Qc6 22.Na5 Qc3
23.Qxc3 Rxc3 24.Nxb7 Rxa3 25.Rd1 Nf8 26.Na5 Ne8 27.Rd8 Nc7 28.Be2 Kg7 29.Rc8 Rc3
30.Nb7 Nb5 31.Ra8 Nd4 32.Ba6 Rb3 33.Rxa7 Nc6 34.Ra8 Rxb4 35.Rc8 Rb6 36.Nc5 Nb4
37.Be2 Rc6 38.Rb8 Rxc5 39.Rxb4 Rc1+ 40.Bf1 Nd7 41.f3 h5 42.Kf2 Kf6 43.f4 Rc3
44.Be2 Nc5 45.e5+ Kg7 46.Rd4 Kg8 47.Bf3 Kg7 48.Kg3 Nd3 49.Kh4 Ne1 50.Kg3  1/2-1/2

[Event "Dutch Open 2012"]
[Site "Dieren NED"]
[Date "2012.07.27"]
[Round "4.10"]
[White "Arjun,B"]
[Black "Zwirs,Nico"]
[Result "1/2-1/2"]
[WhiteElo "2250"]
[BlackElo "2173"]

1.Nf3 d5 2.c4 d4 3.g3 Nc6 4.Bg2 e5 5.O-O Nf6 6.d3 Bd6 7.Bg5 h6 8.Bxf6 Qxf6
9.Nbd2 Be7 10.Rc1 O-O 11.Ne1 Qg6 12.c5 Nd8 13.b4 c6 14.a4 Ne6 15.Nef3 f6
16.Qb3 Qf7 17.Nc4 Ng5 18.Nfd2 Bh3 19.Bxh3 Nxh3+ 20.Kg2 Ng5 21.Na5 Qxb3 22.Ndxb3 Rab8
23.b5 Rfc8 24.Rc2 Ne6 25.Rfc1 Rc7 26.b6 axb6 27.cxb6 Rd7 28.Nc4 Rd5 29.Ra1 Ra8
30.Raa2 g5 31.Kf3 Kf7 32.Nc1 h5 33.h3 Kg6 34.a5 g4+ 35.hxg4 hxg4+ 36.Kg2 Rh8
37.a6 e4 38.Nd2 e3 39.Nf1 bxa6 40.Rxc6 Re5 41.b7 Rb8 42.Rb2 Nd8 43.Rxa6 Rxb7
44.Rxb7 Nxb7 45.Ra4 exf2 46.Rxd4 Ba3 47.Rxg4+ Kh5 48.Rh4+ Kg5 49.d4 Re8 50.Nd3 Nd6
51.Nf4 f5 52.Rh5+ Kf6 53.Rh6+ Kg7 54.Rg6+ Kf7 55.Kxf2 Re4 56.Rg5 Rxd4 57.Rh5 Rd1
58.Ne3 Bc5 59.Kf3 Bxe3 60.Kxe3 Rg1 61.Kf3 Rf1+ 62.Kg2 Rd1 63.Rh7+ Kf6 64.Rd7 Nc4
65.Rd3 Rxd3 66.exd3 Ne3+ 67.Kf3 Nc2 68.Ne2 Ne1+ 69.Ke3 Ke5 70.d4+ Ke6 71.Kd2 Nf3+
72.Kd3 Ng5 73.Ke3 Ne4 74.Kf4 Nf6 75.Nc3 Nh5+ 76.Kf3 Nf6 77.Ne2 Kd5 78.Kf4 Ke6
79.Kg5 Ne4+ 80.Kg6 Kd5  1/2-1/2

[Event "TCh-POR Div 1 Final"]
[Site "Matosinhos POR"]
[Date "2012.07.27"]
[Round "7.3.1"]
[White "Gonzalez Perez,A"]
[Black "Johannessen,LE"]
[Result "1/2-1/2"]
[WhiteElo "2452"]
[BlackElo "2507"]

1.Nf3 d5 2.c4 e6 3.g3 dxc4 4.Qa4+ c6 5.Qxc4 b5 6.Qb3 Bb7 7.a4 a6 8.Bg2 Nd7
9.d4 Ngf6 10.O-O c5 11.axb5 Bd5 12.Qc2 Be4 13.Qb3 Bd5 14.Qc2 Be4 15.Qb3  1/2-1/2

[Event "99th ch-GBR 2012"]
[Site "North Shields ENG"]
[Date "2012.07.27"]
[Round "5.9"]
[White "Roe,S"]
[Black "Houska,Jo"]
[Result "0-1"]
[WhiteElo "2275"]
[BlackElo "2406"]

1.Nf3 d5 2.c4 c6 3.d4 Nf6 4.Nc3 a6 5.e3 Bf5 6.Be2 e6 7.Nh4 Bg6 8.Nxg6 hxg6
9.Qc2 Nbd7 10.Bd2 Qc7 11.g3 Be7 12.e4 dxc4 13.Bxc4 e5 14.dxe5 Nxe5 15.Be2 Rd8
16.O-O-O Neg4 17.Bf4 Qa5 18.Rxd8+ Bxd8 19.Bc4 Ne5 20.Bxe5 Qxe5 21.f4 Qc5
22.Bb3 Ng4 23.Re1 Rxh2 24.Qd1 Qf2 25.Re2 Qxg3 26.Rxh2 Nxh2 27.Qd6 Ng4 28.a3 g5
29.Bxf7+ Kxf7 30.Qxd8 Qxf4+ 31.Kb1 Nf6 32.Qc8 Qf1+ 33.Ka2 Qc4+ 34.Ka1 b5
35.e5 Qf1+ 36.Ka2 Qc4+ 37.Ka1 Qe6 38.Qxe6+ Kxe6 39.exf6 gxf6 40.Kb1 Ke5 41.Kc2 Kd4
42.Kd2 c5 43.Ne2+ Ke4 44.Nc3+ Ke5 45.a4 b4 46.Nb5  0-1

[Event "ch-AUT 2012"]
[Site "Zwettl AUT"]
[Date "2012.07.27"]
[Round "7.8"]
[White "Schneider Zinner,H"]
[Black "Wallner,J"]
[Result "0-1"]
[WhiteElo "2377"]
[BlackElo "2309"]

1.Nf3 d5 2.c4 c6 3.b3 Bf5 4.g3 e6 5.Bg2 Nf6 6.O-O Bd6 7.Bb2 O-O 8.d3 Qe7
9.Nc3 Nbd7 10.cxd5 exd5 11.Nd4 Bg4 12.h3 Be5 13.Nxd5 cxd5 14.hxg4 Nxg4 15.e3 Qg5
16.Qf3 Qh5 17.Rfc1 Ndf6 18.Rc2 g6 19.Rac1 Rfe8 20.Ne2 Ne4 21.Nf4 Qh2+ 22.Kf1 Bxb2
23.Rxb2 Nexf2 24.Rxf2 Nxe3+ 25.Ke2 Ng4+ 26.Kd2 Ne5 27.Qe3 Nc4+ 28.bxc4 Rxe3
29.Kxe3 Qxg3+ 30.Rf3 Re8+ 31.Kd2 Qg4 32.Rf2 Qh4 33.Rcf1 dxc4 34.Bd5 Qf6 35.Kc2 cxd3+
36.Nxd3 Rc8+ 37.Kb1 Qb6+ 38.Bb3 Rc7 39.Rxf7 Rxf7 40.Rxf7 Qxb3+ 41.axb3 Kxf7
42.Kc2 h5 43.Kd2 g5 44.Ke3 Kf6 45.Ke4 a5 46.Nc5 b5 47.Nd7+ Kg6 48.Ne5+ Kg7
49.Kd4 a4 50.bxa4 bxa4 51.Kc4 g4 52.Kb4 Kf6 53.Nd3 g3  0-1

[Event "Dutch Open 2012"]
[Site "Dieren NED"]
[Date "2012.07.28"]
[Round "5.2"]
[White "Greenfeld,A"]
[Black "Bakre,T"]
[Result "1/2-1/2"]
[WhiteElo "2556"]
[BlackElo "2482"]

1.Nf3 d5 2.c4 c6 3.d4 Nf6 4.Nc3 dxc4 5.a4 Bf5 6.e3 e6 7.Bxc4 Bb4 8.O-O Nbd7
9.Qe2 O-O 10.e4 Bg6 11.Bd3 Bh5 12.e5 Nd5 13.Nxd5 cxd5 14.Qe3 Be7 15.Ne1 Bg6
16.f4 f5 17.exf6 Rxf6 18.Bd2 Bd6 19.Bxg6 Rxg6 20.Nd3 Rc8 21.Rae1 Rf6 22.Qh3 Rh6
23.Qg4 Rg6 24.Qf3 Rf6 25.Kh1 Nf8 26.Re2 Rc4 27.Ra1 Rxd4 28.Bc3 Rfxf4 29.Nxf4 Rxf4
30.Qd3 Qd7 31.a5 Qf7 32.Re3 Nd7 33.Rf3 Nc5 34.Qe3 Ne4 35.Raf1 Rxf3 36.Qxf3 Qg6
37.Be5 Nd2 38.Qf4 Nxf1 39.Bxd6 Qf6 40.Kg1 Qxf4 41.Bxf4 e5 42.Bc1 Nxh2 43.Kxh2 Kf7
44.g4 Ke6 45.Kg3 d4 46.b3 Kd5 47.Kf3 h6 48.Ba3 g6 49.Be7 h5 50.gxh5 gxh5
51.Bh4 e4+ 52.Kf4 d3 53.Ke3 Ke5 54.Bg3+ Kf5 55.Bb8 a6 56.Bc7 h4 57.Bd8 h3
58.Bc7 Ke6 59.Kd2 Kd5 60.Kc3 Kc5 61.Bg3 Kb5 62.Bc7 Kc6 63.Bg3 b6 64.axb6 Kxb6
65.Bh2 Kb5 66.Bg3 a5 67.Bh2 a4 68.bxa4+ Kxa4 69.Bd6 Kb5 70.Bh2  1/2-1/2

[Event "3rd Terre degli Elimi"]
[Site "Erice ITA"]
[Date "2012.07.28"]
[Round "5"]
[White "Amato,A"]
[Black "Savalla,Pietro"]
[Result "1-0"]
[WhiteElo "2263"]
[BlackElo "1859"]

1.Nf3 d5 2.c4 d4 3.b4 c5 4.Bb2 Qc7 5.e3 dxe3 6.fxe3 b6 7.bxc5 bxc5 8.d4 Nf6
9.Bd3 e6 10.Nc3 Bb7 11.d5 exd5 12.cxd5 a6 13.e4 Bd6 14.O-O Nbd7 15.Na4 O-O
16.Re1 Rfe8 17.h3 Ne5 18.Rc1 Nfd7 19.Nd4 Nxd3 20.Qxd3 Qa5 21.Nf5 Bf4 22.Bxg7 Qxa4
23.Qf3 Nf8 24.Qxf4 Ng6 25.Qh6 Qd7 26.Bf6  1-0

[Event "Politiken Cup 2012"]
[Site "Helsingor DEN"]
[Date "2012.07.28"]
[Round "1.66"]
[White "Larsen,Pet"]
[Black "Madison,S"]
[Result "1-0"]
[WhiteElo "2206"]
[BlackElo "1799"]

1.Nf3 d5 2.c4 c6 3.e3 Nf6 4.Nc3 Bf5 5.Qb3 Qc7 6.cxd5 cxd5 7.Nxd5 Nxd5 8.Qxd5 Be6
9.Qe5 Qc8 10.Nd4 Bd7 11.Nb5 Nc6 12.Nd6+ Kd8 13.Nxf7+ Ke8 14.Nd6+ Kd8 15.Qg5 h6
16.Nf7+ Kc7 17.Qg3+ Kb6 18.a3 Rg8 19.b4 Be8 20.Ne5 a6 21.Bb2 Qf5 22.Bd3 Qh5
23.Bc4 Rh8 24.Rc1 Rd8 25.Be2 Qf5 26.Bg4 Qh7 27.Bf3 Rd6 28.Bxc6 Bxc6 29.Bd4+ Rxd4
30.Nxc6 Rd6 31.Ne5 Ka7 32.O-O Qf5 33.d4 g5 34.Rc5 Qe6 35.Nc4 Rd7 36.Qe5 Qf6
37.Rc8 Qxe5 38.Nxe5 Rd5 39.Ng6 Rg8 40.Nxe7 Bxe7 41.Rxg8 a5 42.Ra1 axb4 43.axb4+ Kb6
44.Rg6+ Rd6 45.Rxd6+ Bxd6 46.Rb1 Kb5 47.d5 Kc4 48.e4 b5 49.Kf1 Be5 50.Ke2 Kd4
51.f3 Bxh2 52.d6 Be5 53.d7 Bf6 54.Rd1+ Kc4 55.d8=Q  1-0

[Event "23rd Czech Open A"]
[Site "Pardubice CZE"]
[Date "2012.07.28"]
[Round "9.9"]
[White "Mozharov,M"]
[Black "Lintchevski,D"]
[Result "1/2-1/2"]
[WhiteElo "2500"]
[BlackElo "2563"]

1.Nf3 d5 2.c4 dxc4 3.e3 Nf6 4.Bxc4 e6 5.O-O c5 6.Qe2 a6 7.Rd1 b5 8.Bb3 Bb7
9.a4 Nbd7 10.d3 Bd6 11.Nc3 Qb8 12.axb5 axb5 13.Rxa8 Bxa8 14.e4 Ne5 15.Nxe5 Bxe5
16.h3 O-O 17.Be3 Bd4 18.Bxd4 cxd4 19.Na2 Nd7 20.Rc1 Rc8 21.Qd2 Nc5 22.Bd1 h6
23.Nb4 Qd6 24.Ra1 Bb7 25.Ra5 Qb6 26.Ra3 Qd6 27.Ra5 Qb6 28.Ra3 Qd6 29.Ra5 Qb6
30.Ra3  1/2-1/2

[Event "23rd Czech Open A"]
[Site "Pardubice CZE"]
[Date "2012.07.28"]
[Round "9.47"]
[White "Kutynec,V"]
[Black "Kislik,E"]
[Result "1-0"]
[WhiteElo "2262"]
[BlackElo "2408"]

1.Nf3 d5 2.c4 e6 3.g3 Nf6 4.Bg2 Be7 5.O-O O-O 6.d4 dxc4 7.Na3 Bxa3 8.bxa3 b5
9.a4 a6 10.Ba3 Re8 11.Ne5 Nd5 12.e4 Nf6 13.Nxf7 Kxf7 14.e5 Nd5 15.Qh5+ Kg8
16.Be4 g6 17.Bxg6 hxg6 18.Qxg6+ Kh8 19.Rfe1 b4 20.Re4 Rf8 21.Rg4  1-0

[Event "ch-AUT 2012"]
[Site "Zwettl AUT"]
[Date "2012.07.28"]
[Round "8.13"]
[White "Matt,F"]
[Black "Schneider Zinner,H"]
[Result "0-1"]
[WhiteElo "2211"]
[BlackElo "2377"]

1.Nf3 d5 2.c4 dxc4 3.e3 a6 4.Bxc4 e6 5.O-O b5 6.Be2 Bb7 7.b3 Nf6 8.Bb2 Nbd7
9.d4 Be7 10.Nbd2 c5 11.Rc1 O-O 12.Qc2 Rc8 13.Qb1 Qb6 14.Bd3 h6 15.Rfd1 Rfd8
16.h3 Ba8 17.Bf1 Bd5 18.Be2 Qb7 19.Bd3 Qa8 20.Ba1 Bb7 21.Bf1 Ne4 22.Qd3 e5
23.dxc5 Ndxc5 24.Qb1 Nxd2 25.Nxd2 e4 26.Bd4 Ne6 27.Ba1 Rxc1 28.Qxc1 Rd7 29.Be2 Rc7
30.Qb1 Bb4 31.Be5 Rd7 32.Nf1 Qd8 33.Ng3 Rd2 34.Rxd2 Qxd2 35.Bg4 Nc5 36.Nf5 Nd3
37.Bg3 g6 38.Nd4 h5 39.Bd7 Bd6 40.Qc2 Qe1+ 41.Kh2 Nxf2 42.Bxd6 h4  0-1

[Event "ch-AUT 2012"]
[Site "Zwettl AUT"]
[Date "2012.07.28"]
[Round "8.2"]
[White "Pilaj,H"]
[Black "Baumegger,S"]
[Result "1/2-1/2"]
[WhiteElo "2338"]
[BlackElo "2447"]

1.Nf3 d5 2.c4 e6 3.g3 dxc4 4.Qa4+ Nd7 5.Qxc4 a6 6.d3 b5 7.Qc2 Bb7 8.Bg2 Ngf6
9.O-O Be7 10.b3 O-O 11.Bb2 c5 12.Nbd2 Nd5 13.Rac1 a5 14.a4 Nb4 15.Qb1 bxa4
16.bxa4 Ra6 17.Nc4 Qa8 18.Rfd1 Rc8 19.Qa1 Bf8 20.Nfe5 Nxe5 21.Bxb7 Qxb7 22.Bxe5 Rd8
23.Qb1 f6 24.Bf4 h5 25.Be3 h4 26.Nd2 h3 27.f3 Rb6 28.Nc4 Ra6 29.Qb3 Qd5 30.Nd2 Qe5
31.Nc4 Qd5 32.Bf2 Rc8 33.Nd2 Rac6 34.Qc4 Na2 35.Rc2 Nb4 36.Rcc1 Na2 37.Ra1 Nb4
38.Rdc1 Qe5 39.Qe4 Qd5 40.Nc4 f5 41.Qh4 Ra6 42.Qxh3 Be7 43.Qg2 Bf6 44.Ra3 Nc6
45.Rb1 Nb4 46.Qf1 Kf7 47.Qd1 Rd8 48.Qb3 Bd4 49.Bxd4 cxd4 50.Nxa5 Qxb3 51.Raxb3 Nd5
52.Nb7 Rc8 53.a5 Ke7 54.Kf2 Nc3 55.Rb6 Ra7 56.Ra1 Nd5 57.Rb2 Rc6 58.Ra4 Nc3
59.Ra1 Nd5 60.h4 g6 61.Ke1 Rc7 62.a6 Rc6 63.Na5 Rcxa6 64.Nc6+ Kd6 65.Rxa6 Rxa6
66.Nxd4 Ra1+ 67.Kf2 e5 68.Nc2 Rc1 69.Ne3 Nc3 70.Rb6+ Kc5 71.Rxg6 f4 72.gxf4 exf4
73.Rg5+ Kd4 74.Nf5+ Ke5 75.Ng3+ Ke6 76.Nh5 Nd1+ 77.Kg2 Ne3+ 78.Kh2 Nd5 79.Rg6+ Ke5
80.Rg5+ Ke6 81.Rg4 Kf5 82.Nxf4 Ne3 83.Kg3 Rg1+ 84.Kf2 Rxg4 85.fxg4+ Kxf4
86.g5 Nf5 87.g6 Kg4 88.e4 Ne7 89.g7 Kxh4 90.Ke3 Kg5 91.Kd4 Kf6 92.Kc5 Kxg7
93.Kd6 Kf7 94.Kd7 Kf6 95.d4 Ng6 96.Kd6 Kf7 97.e5 Nf4 98.Kd7 Nd5 99.e6+ Kf6
100.Kd6 Ne7 101.Kd7 Nd5 102.Kd6 Ne7 103.d5 Nxd5 104.Kxd5 Ke7 105.Ke5 Ke8
106.Kd6 Kd8 107.e7+ Ke8 108.Ke6  1/2-1/2

[Event "PAB Romania Open 2012"]
[Site "Arad ROU"]
[Date "2012.07.29"]
[Round "4.9"]
[White "Tarlev,K"]
[Black "Bonte,An"]
[Result "1-0"]
[WhiteElo "2524"]
[BlackElo "2310"]

1.Nf3 d5 2.c4 c6 3.d4 Nf6 4.Qc2 dxc4 5.Qxc4 Bf5 6.g3 e6 7.Bg2 Be7 8.O-O O-O
9.e3 Nbd7 10.Qe2 a5 11.Nc3 h6 12.e4 Bh7 13.Rd1 Re8 14.Ne1 a4 15.a3 Qa5 16.Nd3 e5
17.dxe5 Nxe5 18.Nxe5 Qxe5 19.Be3 Qe6 20.f3 Nd7 21.f4 Bc5 22.Rd2 Qe7 23.Rad1 Bxe3+
24.Qxe3 Qc5 25.Qd4 f6 26.Kf2 Bg6 27.Kf3 Qxd4 28.Rxd4 Nc5 29.Rc4 Ra5 30.Rdd4 Bf7
31.Rb4 b5 32.Rd6 Bc4 33.Rxc6 Nd3 34.Bf1 Nxb4 35.Bxc4+ bxc4 36.axb4 Raa8 37.Ke3 Rec8
38.Rxc8+ Rxc8 39.Kd4 Kf7 40.Nxa4 Ke6 41.Nc5+ Kd6 42.e5+ fxe5+ 43.fxe5+ Kc6
44.Kxc4 Rd8 45.b5+ Kb6 46.e6 Kc7 47.Na6+ Kb6 48.Nc5 Kc7 49.Nd7 Kd6 50.b6 Kc6
51.b4 Re8 52.b5+ Kb7 53.Kd5  1-0